| 000 | 02878nam0a2200409 i 4500 | ||
|---|---|---|---|
| 001 | RU\NLR\BIBL_A\010588169 | ||
| 005 | 20260408093032.0 | ||
| 010 |
_a9785438606260 _9200 |
||
| 021 |
_aRU _b2014-87148 _95304 |
||
| 035 | _a(NILC)RuMoRGB-007826696 | ||
| 035 | _a(NLR Aleph) 010588169 | ||
| 090 |
_a10491510 _c10491510 |
||
| 100 | _a20150120d2014 k y0rusy50 ca | ||
| 101 | 0 | _arus | |
| 102 | _aRU | ||
| 105 | _aac z 000yy | ||
| 200 | 1 |
_aРоль национально-культурных объединений в интеграции мигрантов в местное сообщество в регионах Поволжья _e(на примере Республики Башкортостан, Республики Татарстан, Самарской области) _f[Хуснутдинова Ляйля Гельсовна, Габдрафиков Ильдар Махмутович, Вильданов Ханиф Салимович, Андреева Людмила Михайловна _gпод ред. к.и.н. Л. Г. Хуснутдиновой] _gМ-во образования и науки Российской Федерации, Федеральное гос. бюджетное образовательное учреждение высш. проф. образования "Уфимский гос. ун-т экономики и сервиса" |
|
| 210 |
_aСанкт-Петербург _cСвое изд-во _d2014 |
||
| 215 |
_a278 с., [4] л. цв. ил., портр. _d21 |
||
| 300 | _aАвт. указаны перед вып. дан. | ||
| 300 | _aНа 4-й с. обл. авт.: Хуснутдинова Л. Г., к.ист.н., доц., Габдрафиков И. М., к.ист.н., Вильданов Х. С., д.филос.н., Андреева Л. М., к.ист.н., доц. | ||
| 320 | _aБиблиогр. в подстроч. примеч. | ||
| 333 | _a12+ | ||
| 606 | 1 |
_aЭтнокультурные процессы _yПоволжье _92239756 _3RU\NLR\AUTH\6601575519 |
|
| 610 | 0 | _aнационально-культурные центры | |
| 610 | 0 | _aмигранты | |
| 686 | _aТ3(2Р35)74-36 | ||
| 701 | 1 |
_aХуснутдинова _bЛ. Г. _gЛяйля Гельсовна _4070 _4340 |
|
| 701 | 1 |
_aГабдрафиков _bИ. М. _gИльдар Махмутович |
|
| 701 | 1 |
_7ca _8rus _aВильданов _bХ. С. _f1970- _gХаниф Салимович _9238843 _3RU\NLR\AUTH\770238899 |
|
| 701 | 1 |
_8rus _7ca _aАндреева _bЛ. М. _cисторик _gЛюдмила Михайловна _3RU\NLR\AUTH\7747903 _930838 |
|
| 712 | 0 | 2 |
_4570 _aУфимский государственный университет экономики и сервиса _3RU\NLR\AUTH\8810233090 _9351316 |
| 801 | 0 |
_aRU _bРГБ _c20141120 _gRCR |
|
| 942 | _cBOOK | ||
| 980 | _aNBR | ||